Zodpovednosť za škodu pri pracovných úrazoch a chorobách z povolania

Pracovný úraz, choroby z povolania, zodpovednosť zamestnávateľa, registrácia pracovného úrazu, nároky postihnutých zamestnancov, poistenie zodpovednosti za škodu.

Na minha lista:
Detalhes bibliográficos
Autor principal: Hornická, Beata
Formato: Capítulo de Livro
Idioma:eslovaco
Assuntos:
Tags: Adicionar Tag
Sem tags, seja o primeiro a adicionar uma tag!

MARC

LEADER 00000naa$a2200000$$$4500
001 0004249
005 20230919094519.3
041 0 |a slo 
044 |a SK 
245 1 0 |a Zodpovednosť za škodu pri pracovných úrazoch a chorobách z povolania  |c aut. Beata Hornická 
520 |a Pracovný úraz, choroby z povolania, zodpovednosť zamestnávateľa, registrácia pracovného úrazu, nároky postihnutých zamestnancov, poistenie zodpovednosti za škodu. 
610 2 0 |a úrazy pracovné 
610 2 0 |a choroby z povolania 
610 2 0 |a škody 
610 2 0 |a zodpovednosť za škody 
610 2 0 |a zamestnávatelia 
610 2 0 |a zamestnanci 
610 2 0 |a poistenie 
100 1 |a Hornická, Beata